000 00435nam a2200181Ia 4500
005 20250603145852.0
008 250603s9999 xx 000 0 und d
020 _a978029662x
050 _aKP 64 .S2/
100 _aSanda, A.A.
245 4 _aThe falling standards in the legal profession in Nigeria
260 _aIbadan
260 _bSpectrum Books Ltd.
260 _c2006
300 _a72 p
650 _aIbadan
942 _cBK
999 _c43094
_d43094